Nociones de derecho hipotecario, o del registro de inmuebles / (Record no. 41685)

MARC details
000 -LEADER
campo de control de longitud fija 00567nam a2200181 i 4500
001 - NÚMERO DE CONTROL
campo de control 41685
003 - IDENTIFICADOR DE NÚMERO DE CONTROL
campo de control ES-MaACL
005 - FECHA Y HORA DE LA ÚLTIMA TRANSACCIÓN
campo de control 20251206063029.0
007 - CAMPO FIJO DE DESCRIPCIÓN FÍSICA--INFORMACIÓN GENERAL
campo de control de longitud fija t|
008 - DATOS DE LONGITUD FIJA--INFORMACIÓN GENERAL
campo de control de longitud fija 030311s1932 sp ||||1| spa d
100 0# - ENTRADA PRINCIPAL--NOMBRE DE PERSONA
Nombre de persona Casso y Romero, Ignacio de
9 (RLIN) 36371
245 10 - MENCIÓN DEL TÍTULO
Título Nociones de derecho hipotecario, o del registro de inmuebles /
Mención de responsabilidad, etc. por Ignacio de Casso Romero.
250 ## - MENCION DE EDICION
Mención de edición 2ª ed. corr.
260 ## - PUBLICACIÓN, DISTRIBUCIÓN, ETC.
Lugar de publicación, distribución, etc. Sevilla :
Nombre del editor, distribuidor, etc. [s.n.],
Fecha de publicación, distribución, etc. 1932 (
Fabricante Eulogio de las Heras)
300 ## - DESCRIPCIÓN FÍSICA
Extensión 98 p. ;
Dimensiones 22 cm.
852 ## - LOCALIZACIÓN
Ubicación ES-MaACL
Número de control de estantería 1807-F-24
Sublocalización o colección R.18227
Holdings
Estatus retirado Estado de pérdida Estado de daño No para préstamo Colección Biblioteca de origen Biblioteca actual Ubicación en estantería Fecha de adquisición Fuente de adquisición Total de préstamos Signatura topográfica completa Código de barras Visto por última vez Precio de reemplazo Tipo de ítem Koha
        Colección de folletos Biblioteca del Ateneo de Madrid Biblioteca del Ateneo de Madrid Depósito folletos 17/01/2008     1807-F-24 1043884 23/02/2023 23/02/2023 Folleto